[Event "SR 2. liga A 2010/2011"]
[Site "?"]
[Date "2011.03.26"]
[Round "56.3"]
[White "Novak, Ivan"]
[Black "Jablonicky, Frantisek"]
[Result "1-0"]
[WhiteElo "2233"]
[BlackElo "2150"]
[PlyCount "53"]
[EventDate "2010.??.??"]
[WhiteTeam "Slovakia"]
[BlackTeam "Slovakia"]
[WhiteTeamCountry "SVK"]
[BlackTeamCountry "SVK"]

1. e4 c6 2. Nf3 d5 3. Nc3 dxe4 4. Nxe4 Nf6 5. Ng3 h5 6. Bc4 h4 7. Ne5 e6 8. Ne2
Nbd7 9. Nf3 b5 10. Bb3 Nc5 11. O-O Bb7 12. Nf4 Nxb3 13. axb3 Nd5 14. Nh3 Bd6
15. d4 b4 16. Qd3 Qc7 17. c4 bxc3 18. bxc3 c5 19. Ba3 cxd4 20. Bxd6 Qxd6 21.
Qxd4 Qc7 22. c4 Ne7 23. Rxa7 Nf5 24. Rxa8+ Bxa8 25. Qe5 Qb7 26. Qc5 f6 $138 27.
Ra1 1-0

[Event "SR 2. liga A 2010/2011"]
[Site "?"]
[Date "2011.03.26"]
[Round "56.4"]
[White "Rachela, Jozef"]
[Black "Orosi, Peter"]
[Result "1-0"]
[WhiteElo "2072"]
[BlackElo "2004"]
[PlyCount "59"]
[EventDate "2010.??.??"]
[WhiteTeam "Slovakia"]
[BlackTeam "Slovakia"]
[WhiteTeamCountry "SVK"]
[BlackTeamCountry "SVK"]

1. e4 d5 2. Nc3 dxe4 3. Nxe4 Bf5 4. Ng3 Bg6 5. d4 e6 6. Nf3 Nf6 7. Ne5 Nbd7 8.
Nxg6 hxg6 9. Bb5 a6 10. Bd3 c5 11. Qf3 Qb6 12. dxc5 Bxc5 13. O-O Ne5 14. Qe2
Neg4 15. h3 Qd6 16. Qf3 Ne5 17. Qxb7 Rb8 18. Qxa6 Qd5 19. Qa4+ Ke7 20. Be4 Qd6
21. Bg5 Rxb2 22. Rad1 Qc7 23. Rd2 Rb4 24. Qa6 Nf3+ 25. Bxf3 Qxg3 26. Be3 Bxe3
27. fxe3 Rxh3 28. Qa7+ Ke8 29. Bc6+ Kf8 30. Rd8+ 1-0

[Event "SR 2. liga A 2010/2011"]
[Site "?"]
[Date "2011.03.26"]
[Round "56.5"]
[White "Hajek, Lukas"]
[Black "Csiba, Peter"]
[Result "1-0"]
[WhiteElo "1915"]
[BlackElo "2076"]
[PlyCount "111"]
[EventDate "2010.??.??"]
[WhiteTeam "Slovakia"]
[BlackTeam "Slovakia"]
[WhiteTeamCountry "SVK"]
[BlackTeamCountry "SVK"]

1. c4 e5 2. Nc3 Nf6 3. g3 Nc6 4. Bg2 d6 5. e4 g6 6. Nge2 Bg7 7. O-O O-O 8. d3
Nd7 9. Be3 Nc5 10. Nd5 Nd4 11. b4 Nce6 12. Nxd4 Nxd4 13. Qd2 c6 14. Nc3 f5 15.
exf5 Nxf5 16. Bg5 Qb6 17. Rab1 h6 18. Be3 Nxe3 19. fxe3 Bf5 20. b5 Qc7 21. bxc6
bxc6 22. Rb3 Rab8 23. Rfb1 Rxb3 24. Rxb3 Bg4 25. Qb2 Bf3 26. Rb7 Qa5 27. Qb4
Qxb4 28. Rxb4 Bxg2 29. Kxg2 Rf7 30. Rb8+ Bf8 31. Rc8 Rb7 32. Rxc6 Rb2+ 33. Kf3
Rxh2 34. Ra6 Kf7 35. Rxa7+ Ke6 36. Nd5 h5 37. a4 g5 38. a5 Ra2 39. a6 g4+ 40.
Ke4 h4 41. gxh4 g3 42. Rb7 g2 43. Rb1 Kf7 44. Rg1 Rxa6 45. Rxg2 Ra1 46. h5 Rh1
47. Rg5 Rh4+ 48. Kf3 Ke6 49. Kg3 Rh1 50. Rg6+ Kf7 51. Rf6+ Kg7 52. Kg4 Rg1+ 53.
Kf5 Rh1 54. Ke6 Kg8 55. Rg6+ Kh7 56. Nf6+ 1-0

[Event "SR 2. liga A 2010/2011"]
[Site "?"]
[Date "2011.03.26"]
[Round "56.6"]
[White "Lesny, Stefan"]
[Black "Vrba, Michal"]
[Result "1/2-1/2"]
[WhiteElo "2100"]
[BlackElo "1999"]
[PlyCount "44"]
[EventDate "2010.??.??"]
[WhiteTeam "Slovakia"]
[BlackTeam "Slovakia"]
[WhiteTeamCountry "SVK"]
[BlackTeamCountry "SVK"]

1. e4 d5 2. exd5 Qxd5 3. Nc3 Qa5 4. Nf3 Nf6 5. h3 c6 6. Bc4 Bf5 7. d3 e6 8. Bd2
Qc7 9. Nh4 Bg6 10. Qe2 Nbd7 11. O-O-O O-O-O 12. Nxg6 hxg6 13. Ne4 Nb6 14. Bb3
Nbd5 15. Qf3 Nxe4 16. dxe4 Nf6 17. Bc3 Be7 18. Rhe1 Rxd1+ 19. Rxd1 Rd8 20.
Rxd8+ Bxd8 21. Bc4 Qe7 22. Bd3 Bb6 1/2-1/2

[Event "SR 2. liga A 2010/2011"]
[Site "?"]
[Date "2011.03.26"]
[Round "56.7"]
[White "Machalec, Vladimir"]
[Black "Takacs, Laszlo"]
[Result "0-1"]
[WhiteElo "1950"]
[BlackElo "1921"]
[PlyCount "84"]
[EventDate "2010.??.??"]
[WhiteTeam "Slovakia"]
[BlackTeam "Slovakia"]
[WhiteTeamCountry "SVK"]
[BlackTeamCountry "SVK"]

1. c4 Nf6 2. Nf3 g6 3. Nc3 Bg7 4. g3 O-O 5. Bg2 d6 6. O-O c5 7. d4 Nbd7 8. e4
a6 9. e5 dxe5 10. dxe5 Ng4 11. e6 fxe6 12. Ng5 Nde5 13. Qe2 Qd3 14. h3 Nh6 15.
Qxd3 Nxd3 16. Nge4 Nf5 17. Rd1 Nxc1 18. Raxc1 Bd4 19. Rc2 Rb8 20. g4 Nd6 21.
Nxd6 exd6 22. Ne4 Rd8 23. Re1 b6 24. Rce2 h6 25. Ng3 Kf7 26. b3 b5 27. Kh2 bxc4
28. bxc4 Rb4 29. Rc1 a5 30. Rec2 Ba6 31. Ne4 Ke7 32. Bf1 Rdb8 33. Nd2 Rf8 34.
f3 Bb7 35. Kg3 Be3 36. Be2 a4 37. Rd1 e5 38. Nb1 e4 39. Rc3 Bd4 40. Ra3 exf3
41. Bxf3 Bxf3 42. Re1+ Be5+ 0-1

[Event "SR 2. liga A 2010/2011"]
[Site "?"]
[Date "2011.03.26"]
[Round "56.8"]
[White "Kahancova, Jana"]
[Black "Danada, Ondrej"]
[Result "0-1"]
[WhiteElo "1581"]
[BlackElo "1922"]
[PlyCount "64"]
[EventDate "2010.??.??"]
[WhiteTeam "Slovakia"]
[BlackTeam "Slovakia"]
[WhiteTeamCountry "SVK"]
[BlackTeamCountry "SVK"]

1. e4 c5 2. Nf3 d6 3. d4 cxd4 4. Nxd4 Nf6 5. Nc3 Nc6 6. Be3 Ng4 7. Qd2 Nxe3 8.
Qxe3 Qb6 9. O-O-O Nxd4 10. Qxd4 Qxd4 11. Rxd4 Bd7 12. Be2 g6 13. Bb5 Bg7 14.
Bxd7+ Kxd7 15. Rd3 Rac8 16. Nd5 Rc4 17. f3 Rhc8 18. c3 e6 19. Ne3 R4c6 20. Kd1
b5 21. Ke2 b4 22. cxb4 Bxb2 23. b5 Rc3 24. Rhd1 Rxd3 25. Rxd3 Rc5 26. a4 Kc7
27. Nd1 Be5 28. h3 Kb6 29. Ke3 g5 30. Nf2 Rc2 31. Rd2 Bf4+ 32. Kd3 Rxd2+ 0-1

[Event "SR 2. liga A 2010/2011"]
[Site "?"]
[Date "2011.03.26"]
[Round "57.1"]
[White "Kovac, Andrej"]
[Black "Tibensky, Robert"]
[Result "1/2-1/2"]
[WhiteElo "2132"]
[BlackElo "2401"]
[PlyCount "71"]
[EventDate "2010.??.??"]
[WhiteTeam "Slovakia"]
[BlackTeam "Slovakia"]
[WhiteTeamCountry "SVK"]
[BlackTeamCountry "SVK"]

1. d4 g6 2. c4 Bg7 3. Nf3 Nf6 4. Nc3 O-O 5. g3 d6 6. Bg2 Nc6 7. d5 Na5 8. Nd2
c5 9. O-O a6 10. Rb1 Bf5 11. e4 Bd7 12. b3 b5 13. Bb2 Rb8 14. Qe2 e6 15. dxe6
Bxe6 16. cxb5 axb5 17. Nxb5 Re8 18. Rfd1 Qb6 19. a4 d5 20. exd5 Bf5 21. Qf3
Bxb1 22. Rxb1 Rbd8 23. d6 Re6 24. Bh3 Rexd6 25. Nxd6 Qxd6 26. Bxf6 Qxf6 27.
Qxf6 Bxf6 28. Ne4 Be7 29. Bf1 Rd4 30. Nc3 Kf8 31. Bb5 Rb4 32. Nd5 Rd4 33. Ne3
Bf6 34. Nc4 Bd8 35. Re1 Nxb3 36. Re8+ 1/2-1/2

[Event "SR 2. liga A 2010/2011"]
[Site "?"]
[Date "2011.03.26"]
[Round "57.2"]
[White "Klemanic, Emil"]
[Black "Madar, Martin"]
[Result "1/2-1/2"]
[WhiteElo "2257"]
[BlackElo "2117"]
[PlyCount "42"]
[EventDate "2010.??.??"]
[WhiteTeam "Slovakia"]
[BlackTeam "Slovakia"]
[WhiteTeamCountry "SVK"]
[BlackTeamCountry "SVK"]

1. d4 d6 2. e4 g6 3. Nf3 Nf6 4. Nc3 Bg7 5. Be2 O-O 6. O-O Nbd7 7. h3 e5 8. dxe5
dxe5 9. Be3 Qe7 10. Qd2 Re8 11. Rfe1 c6 12. Bf1 Nc5 13. Bh6 Qc7 14. Bxg7 Kxg7
15. Rad1 Qb6 16. Qe3 Nfd7 17. b3 Qb4 18. Nb1 f6 19. Nbd2 Ne6 20. Nc4 Nb6 21. c3
Nxc4 1/2-1/2

[Event "SR 2. liga A 2010/2011"]
[Site "?"]
[Date "2011.03.26"]
[Round "57.3"]
[White "Hrivnak, Martin"]
[Black "Janos, Ivan"]
[Result "1-0"]
[WhiteElo "2143"]
[BlackElo "2163"]
[PlyCount "127"]
[EventDate "2010.??.??"]
[WhiteTeam "Slovakia"]
[BlackTeam "Slovakia"]
[WhiteTeamCountry "SVK"]
[BlackTeamCountry "SVK"]

1. Nf3 Nf6 2. c4 c5 3. Nc3 e6 4. e3 a6 5. Be2 Nc6 6. O-O d5 7. cxd5 exd5 8. d4
cxd4 9. Nxd4 Be7 10. b3 O-O 11. Bb2 Re8 12. Nxc6 bxc6 13. Rc1 Qd6 14. Bf3 Bd8
15. Ne2 Ng4 16. Ng3 Bf6 17. Bxf6 Nxf6 18. Qc2 Bd7 19. Rfd1 Qe5 20. Qc3 Qg5 21.
Qc5 h5 22. Qd6 Rad8 23. Qc7 h4 24. Ne2 Ng4 25. Qf4 Qxf4 26. Nxf4 Ne5 27. Be2 a5
28. Rd4 g5 29. Nd3 Kg7 30. Nxe5 Rxe5 31. Rc5 Ra8 32. Ra4 f5 33. Kf1 Kf6 34.
Rcxa5 Rb8 35. Ra8 Ree8 36. Rxb8 Rxb8 37. Ra7 Ke6 38. Bd3 Kd6 39. Ke2 Re8 40.
Kd2 Rb8 41. Kc3 Rf8 42. Ra4 Rb8 43. g3 hxg3 44. fxg3 Rh8 45. h4 f4 46. exf4
gxh4 47. gxh4 Rxh4 48. Kd2 Rh2+ 49. Ke1 Rh3 50. Bf1 Rh2 51. Be2 Bf5 52. Ra8 Rh4
53. Rf8 Bb1 54. a4 Bc2 55. a5 Bxb3 56. a6 Rh1+ 57. Kd2 Ra1 58. Kc3 Bc4 59. Bxc4
dxc4 60. Ra8 Kc5 61. f5 Ra3+ 62. Kb2 Rb3+ 63. Ka2 Rb6 64. f6 1-0

[Event "SR 2. liga A 2010/2011"]
[Site "?"]
[Date "2011.03.26"]
[Round "57.4"]
[White "Gazi, Mikulas"]
[Black "Lauf, Pavol"]
[Result "1-0"]
[WhiteElo "2138"]
[BlackElo "2143"]
[PlyCount "127"]
[EventDate "2010.??.??"]
[WhiteTeam "Slovakia"]
[BlackTeam "Slovakia"]
[WhiteTeamCountry "SVK"]
[BlackTeamCountry "SVK"]

1. e4 g6 2. d4 Bg7 3. Be3 d6 4. Nc3 Nd7 5. f4 c5 6. Qd2 Qa5 7. Nf3 Ngf6 8. h3
O-O 9. Bd3 a6 10. O-O cxd4 11. Bxd4 e5 12. Be3 exf4 13. Bxf4 d5 14. Nxd5 Qxd2
15. Ne7+ Kh8 16. Bxd2 Re8 17. Nxc8 Raxc8 18. Rae1 h6 19. g4 Nh7 20. c3 Kg8 21.
Re2 Nhf8 22. Be3 Ne6 23. Bc2 Re7 24. Kg2 Rce8 25. Rd2 Nec5 26. Rd5 b6 27. Nd2
Nf6 28. Rd6 Re6 29. Bxc5 bxc5 30. e5 Rxd6 31. exd6 Re2+ 32. Rf2 Rxf2+ 33. Kxf2
Nd7 34. Ke3 Bf6 35. Ne4 Be5 36. Ba4 Nb6 37. d7 Bc7 38. Nxc5 Kf8 39. Bb3 g5 40.
Nxa6 Bf4+ 41. Kd3 Nxd7 42. Ke4 Bc1 43. Ba4 Nf6+ 44. Ke5 Ke7 45. b4 Bb2 46. Kd4
h5 47. Bd1 h4 48. Nc5 Bc1 49. Nd3 Bd2 50. a4 Kd6 51. c4 Ne8 52. c5+ Kc7 53. b5
Ng7 54. b6+ Kd7 55. Ne5+ Kc8 56. Nxf7 Ne6+ 57. Kd5 Nf4+ 58. Kc6 Nd3 59. Be2
Nb4+ 60. Kb5 Nc2 61. Nd6+ Kb8 62. c6 Nd4+ 63. Kc5 Ne6+ 64. Kd5 1-0

[Event "SR 2. liga A 2010/2011"]
[Site "?"]
[Date "2011.03.26"]
[Round "57.5"]
[White "Grich, Juraj"]
[Black "Kimerling, Martin"]
[Result "0-1"]
[WhiteElo "2027"]
[BlackElo "1920"]
[PlyCount "80"]
[EventDate "2010.??.??"]
[WhiteTeam "Slovakia"]
[BlackTeam "Slovakia"]
[WhiteTeamCountry "SVK"]
[BlackTeamCountry "SVK"]

1. d4 Nf6 2. Nc3 d6 3. e4 g6 4. Be3 c6 5. Qd2 b5 6. f3 a5 7. Nge2 Nbd7 8. g4
Nb6 9. Ng3 Bb7 10. d5 b4 11. dxc6 Bxc6 12. Nb5 Bg7 13. O-O-O Nfd7 14. f4 O-O
15. Nd4 Bb7 16. g5 Nc5 17. Bd3 Rc8 18. Kb1 Nba4 19. f5 Qb6 20. Rdf1 Nc3+ 21.
Ka1 N3xe4 22. Bxe4 Nxe4 23. Qd3 Nc5 24. Qe2 Bxh1 25. f6 exf6 26. gxf6 Bxf6 27.
Rxf6 Bd5 28. Ngf5 Rfe8 29. Nxd6 Qd8 30. Nxe8 Qxe8 31. h4 Ne4 32. Rf1 Ng3 33.
Qf2 Nxf1 34. Bg5 Nh2 35. b3 Ng4 36. Qd2 Qe5 37. Kb1 Be4 38. Qd1 h5 39. Qd2 f6
40. Bf4 Qd5 0-1

[Event "SR 2. liga A 2010/2011"]
[Site "?"]
[Date "2011.03.26"]
[Round "57.6"]
[White "Syrovy, Ivan"]
[Black "Sebo, Viktor"]
[Result "0-1"]
[WhiteElo "2071"]
[BlackElo "1903"]
[PlyCount "106"]
[EventDate "2010.??.??"]
[WhiteTeam "Slovakia"]
[BlackTeam "Slovakia"]
[WhiteTeamCountry "SVK"]
[BlackTeamCountry "SVK"]

1. e4 e5 2. Nf3 Nc6 3. Bb5 a6 4. Ba4 Nf6 5. O-O Be7 6. Re1 b5 7. Bb3 O-O 8. a4
Bb7 9. c3 Na5 10. Bc2 d6 11. b4 Nc6 12. d3 Re8 13. Bg5 h6 14. Bh4 Nh5 15. Nxe5
Bxh4 16. Nxc6 Bxf2+ 17. Kxf2 Qh4+ 18. Kg1 Bxc6 19. Nd2 Nf6 20. Nf3 Qf4 21. Qd2
Qxd2 22. Nxd2 Ng4 23. h3 Ne5 24. d4 Ng6 25. axb5 axb5 26. g3 Nf8 27. Bd3 Bd7
28. Kg2 d5 29. Rxa8 Rxa8 30. exd5 Ra2 31. Re2 Nh7 32. Ne4 Rxe2+ 33. Bxe2 Bf5
34. Bf3 Bxe4 35. Bxe4 Nf6 36. Kf3 Kf8 37. d6 Nxe4 38. Kxe4 cxd6 39. Kd5 Ke7 40.
c4 bxc4 41. Kxc4 f5 42. Kd5 Kd7 43. b5 g5 44. b6 h5 45. b7 Kc7 46. b8=Q+ Kxb8
47. Kxd6 f4 48. gxf4 gxf4 49. Ke7 f3 50. d5 f2 51. d6 f1=Q 52. d7 Qe2+ 53. Kd6
Qd3+ 0-1

[Event "SR 2. liga A 2010/2011"]
[Site "?"]
[Date "2011.03.26"]
[Round "57.7"]
[White "Chovanec, Vladimir"]
[Black "Srna, Jan"]
[Result "0-1"]
[WhiteElo "2082"]
[BlackElo "2047"]
[PlyCount "100"]
[EventDate "2010.??.??"]
[WhiteTeam "Slovakia"]
[BlackTeam "Slovakia"]
[WhiteTeamCountry "SVK"]
[BlackTeamCountry "SVK"]

1. e4 e6 2. d3 g6 3. Nf3 Bg7 4. g3 d5 5. Nbd2 c6 6. Bg2 Ne7 7. O-O O-O 8. Re1
Nd7 9. d4 a5 10. a4 b5 11. c3 Bb7 12. e5 Qb6 13. axb5 cxb5 14. b3 Rfc8 15. Bb2
Ba6 16. Bf1 Bb7 17. Qe2 Ba6 18. Qd1 Rc6 19. h4 Qd8 20. Qb1 Rcc8 21. Rc1 Nc6 22.
Rc2 Bh6 23. Qd1 Nb6 24. Nh2 b4 25. Ng4 Bg7 26. c4 dxc4 27. Nxc4 Bxc4 28. Bxc4
Nxc4 29. Rxc4 Ne7 30. Rxc8 Rxc8 31. Ne3 Nd5 32. Nc4 Ra8 33. Qf3 Qc7 34. Qd3 Bf8
35. h5 Be7 36. hxg6 fxg6 37. Kg2 Bg5 38. Qe2 Qc6 39. f3 Qc7 40. Qd3 Kg7 41. Qe4
a4 42. Qg4 Qxc4 43. bxc4 Ne3+ 44. Kh3 Nxg4 45. Kxg4 Be3 46. Re1 Bd2 47. Re2 Bc3
48. Bc1 a3 49. Ra2 Bxd4 50. Kf4 Bc5 0-1

[Event "SR 2. liga A 2010/2011"]
[Site "?"]
[Date "2011.03.26"]
[Round "57.8"]
[White "Hulla, Stanislav"]
[Black "Labar, Eduard"]
[Result "1/2-1/2"]
[WhiteElo "1981"]
[BlackElo "2002"]
[PlyCount "22"]
[EventDate "2010.??.??"]
[WhiteTeam "Slovakia"]
[BlackTeam "Slovakia"]
[WhiteTeamCountry "SVK"]
[BlackTeamCountry "SVK"]

1. d4 d5 2. c4 e6 3. Nc3 Nf6 4. cxd5 exd5 5. Bg5 Be7 6. e3 c6 7. Bd3 Nbd7 8.
Nge2 O-O 9. O-O Re8 10. f3 Nf8 11. Qc2 Nh5 1/2-1/2

[Event "SR 2. liga A 2010/2011"]
[Site "?"]
[Date "2011.03.26"]
[Round "58.1"]
[White "Kleman, Miroslav"]
[Black "Bezuch, Martin"]
[Result "1/2-1/2"]
[WhiteElo "2266"]
[BlackElo "2198"]
[PlyCount "40"]
[EventDate "2010.??.??"]
[WhiteTeam "Slovakia"]
[BlackTeam "Slovakia"]
[WhiteTeamCountry "SVK"]
[BlackTeamCountry "SVK"]

1. e4 e5 2. Nc3 Bc5 3. Na4 Bxf2+ 4. Kxf2 Qh4+ 5. Ke3 Qf4+ 6. Kd3 d5 7. Kc3 Qxe4
8. Kb3 Na6 9. a3 Qxa4+ 10. Kxa4 Nc5+ 11. Kb5 a5 12. Kxc5 Ne7 13. Bb5+ Kd8 14.
Bc6 b6+ 15. Kb5 Nxc6 16. Kxc6 Bb7+ 17. Kb5 Ba6+ 18. Kc6 Bb7+ 19. Kb5 Ba6+ 20.
Kc6 Bb7+ 1/2-1/2

[Event "SR 2. liga A 2010/2011"]
[Site "?"]
[Date "2011.03.26"]
[Round "58.2"]
[White "Peitl, Tomas"]
[Black "Certek, Pavel"]
[Result "1-0"]
[WhiteElo "2171"]
[BlackElo "2250"]
[PlyCount "113"]
[EventDate "2010.??.??"]
[WhiteTeam "Slovakia"]
[BlackTeam "Slovakia"]
[WhiteTeamCountry "SVK"]
[BlackTeamCountry "SVK"]

1. e4 c5 2. Nf3 Nc6 3. d4 cxd4 4. Nxd4 Nf6 5. Nc3 g6 6. Be3 Bg7 7. Bc4 Qa5 8.
O-O O-O 9. Nb3 Qc7 10. f4 d6 11. Kh1 Na5 12. Nxa5 Qxa5 13. Qd3 a6 14. Rad1 b5
15. Bd5 Rb8 16. Ba7 b4 17. Bxb8 bxc3 18. bxc3 Nxd5 19. Qxd5 Qxc3 20. f5 Bd7 21.
Ba7 Bc6 22. Qd3 Qe5 23. Rfe1 Ba4 24. Bd4 Qb5 25. Bxg7 Kxg7 26. Qd4+ f6 27. Rb1
Qa5 28. c3 Bc6 29. Qb6 Qxb6 30. Rxb6 Bb5 31. Rb7 Kf7 32. Re3 Rg8 33. Rh3 Rg7
34. fxg6+ hxg6 35. Rc7 Ke6 36. Kg1 g5 37. Kf2 Ke5 38. Ke3 Be8 39. Rh6 Ba4 40.
Kd3 Bd1 41. c4 Bg4 42. c5 d5 43. exd5 Kxd5 44. Rxf6 Rh7 45. Rxa6 Rxh2 46. Rxe7
Rxg2 47. Kc3 Bf5 48. Rf6 Bb1 49. Re1 Be4 50. c6 Rxa2 51. Kb3 Ra8 52. Kb4 g4 53.
c7 Rc8 54. Rf7 Bf3 55. Kb5 Kd4 56. Kb6 Kd3 57. Rd7+ 1-0

[Event "SR 2. liga A 2010/2011"]
[Site "?"]
[Date "2011.03.26"]
[Round "58.3"]
[White "Tepper, Frantisek"]
[Black "Sosovicka, Juraj"]
[Result "1/2-1/2"]
[WhiteElo "2162"]
[BlackElo "2163"]
[PlyCount "21"]
[EventDate "2010.??.??"]
[WhiteTeam "Slovakia"]
[BlackTeam "Slovakia"]
[WhiteTeamCountry "SVK"]
[BlackTeamCountry "SVK"]

1. e4 e5 2. Nf3 Nc6 3. Nc3 Nf6 4. Bb5 Nd4 5. Nxd4 exd4 6. e5 dxc3 7. exf6 Qxf6
8. dxc3 c6 9. Bd3 d5 10. Be3 Bd6 11. Bd4 1/2-1/2

[Event "SR 2. liga A 2010/2011"]
[Site "?"]
[Date "2011.03.26"]
[Round "58.4"]
[White "Oprea, Erik"]
[Black "Fabry, Robert"]
[Result "1-0"]
[WhiteElo "2116"]
[BlackElo "2190"]
[PlyCount "79"]
[EventDate "2010.??.??"]
[WhiteTeam "Slovakia"]
[BlackTeam "Slovakia"]
[WhiteTeamCountry "SVK"]
[BlackTeamCountry "SVK"]

1. d4 Nf6 2. c4 e6 3. Nc3 d5 4. Nf3 c6 5. Bg5 Nbd7 6. c5 b6 7. b4 a5 8. a3 Be7
9. e3 O-O 10. Bd3 h6 11. Bh4 Ba6 12. Bxa6 Rxa6 13. O-O Re8 14. b5 cxb5 15. c6
Nf8 (15... Nb8 16. Ne5 b4 17. Nb5 Qc8 18. axb4 Bxb4 19. Qf3 Be7 20. Rac1 $18)
16. Nxb5 Ne4 17. Bxe7 Qxe7 18. Qd3 Raa8 19. Rfc1 Ng6 20. Nd2 Nd6 21. Nxd6 Qxd6
22. Qb5 Qc7 23. Rab1 Rab8 24. Rc3 Ne7 25. Rbc1 Nc8 26. a4 Nd6 27. Qd3 Red8 (
27... b5 28. axb5 Rxb5 29. Nf3 Ra8 30. Ne5 Rb2 31. f3 a4 $11) 28. f3 Nc8 29.
Nb1 Na7 30. Na3 Rdc8 31. e4 Qe7 32. exd5 exd5 33. Nb5 Ra8 34. Nxa7 Rxa7 35. Rb3
Rac7 36. Rxb6 Qe6 37. Qc3 Qd6 38. Qxa5 Rxc6 39. Rbxc6 Rxc6 40. Qa8+ 1-0

[Event "SR 2. liga A 2010/2011"]
[Site "?"]
[Date "2011.03.26"]
[Round "58.5"]
[White "Mikulas, Dusan"]
[Black "Ochrana, Ladislav"]
[Result "1-0"]
[WhiteElo "2122"]
[BlackElo "2072"]
[PlyCount "97"]
[EventDate "2010.??.??"]
[WhiteTeam "Slovakia"]
[BlackTeam "Slovakia"]
[WhiteTeamCountry "SVK"]
[BlackTeamCountry "SVK"]

1. e4 e5 2. Nf3 Nf6 3. Nc3 Nc6 4. d4 exd4 5. Nxd4 Bb4 6. Nxc6 Bxc3+ 7. bxc3
bxc6 8. Bd3 O-O 9. O-O Qe7 10. Re1 Qc5 11. a4 Qh5 12. Be2 Qa5 13. Bd3 d6 14. e5
dxe5 15. Bg5 e4 16. Bxf6 exd3 17. Be7 dxc2 18. Qd2 Bf5 19. Bxf8 Kxf8 20. Qd4
Qd5 21. Qe3 h6 22. Qe7+ Kg8 23. Qxc7 Rd8 24. Qxa7 Qd1 25. Qe3 Qxa1 26. Rxa1
Rd1+ 27. Qe1 Rxe1+ 28. Rxe1 Bd3 29. Rc1 Kf8 30. f3 Ke7 31. Kf2 Kd6 32. Ke3 Bg6
33. Kd2 Kc5 34. Rxc2 Bxc2 35. Kxc2 Kc4 36. Kd2 f5 37. Ke3 g5 38. h4 Kd5 39.
hxg5 hxg5 40. Kd3 c5 41. c4+ Kc6 42. g4 fxg4 43. fxg4 Kb6 44. Ke4 Ka5 45. Kd5
Kxa4 46. Kxc5 Kb3 47. Kd5 Kc3 48. c5 Kd3 49. Ke5 1-0

[Event "SR 2. liga A 2010/2011"]
[Site "?"]
[Date "2011.03.26"]
[Round "58.6"]
[White "Hricak, Vasil"]
[Black "Kolman, Richard"]
[Result "1-0"]
[WhiteElo "2051"]
[BlackElo "2107"]
[PlyCount "127"]
[EventDate "2010.??.??"]
[WhiteTeam "Slovakia"]
[BlackTeam "Slovakia"]
[WhiteTeamCountry "SVK"]
[BlackTeamCountry "SVK"]

1. e4 d6 2. d4 Nf6 3. Nc3 c6 4. f3 e5 5. Be3 Be7 6. Qd2 b5 7. O-O-O Qa5 8. Kb1
b4 9. Nce2 c5 10. d5 Nbd7 11. Nc1 Nb6 12. h4 Nh5 13. Qe1 Na4 14. Nb3 Qb6 15.
Nh3 Bxh3 16. Rxh3 Bf6 17. g3 h6 18. Qe2 O-O-O 19. Bc1 g6 20. Qa6+ Qxa6 21.
Bxa6+ Kc7 22. Bb5 Nb6 23. Na5 Nc8 24. Nc6 Rdf8 25. Be2 Re8 26. Rf1 Kb6 27. b3
Ne7 28. Nxe7 Rxe7 29. Bd3 a5 30. Rg1 a4 31. Bd2 Ra7 32. Bc4 axb3 33. Bxb3 Kb5
34. c4+ bxc3 35. Bxc3 c4 36. a4+ Kc5 37. Bc2 Rb8+ 38. Kc1 Bd8 39. Bd2 Rab7 40.
Bxh6 Ba5 41. Be3+ Kb4 42. f4 Bb6 43. Bxb6 Rxb6 44. fxe5 dxe5 45. Rf1 f6 46. Kd2
Kc5 47. Rf3 Rb2 48. Rh1 R8b3 49. Rxb3 cxb3 50. Kc3 Rxc2+ 51. Kxb3 Rg2 52. Rc1+
Kb6 53. Rc6+ Kb7 54. a5 Rxg3+ 55. Kb4 f5 56. a6+ Ka7 57. Kb5 Rb3+ 58. Ka5 Nf4
59. exf5 gxf5 60. d6 Rd3 61. Rc7+ Kb8 62. a7+ Ka8 63. d7 Rd5+ 64. Kb6 1-0

[Event "SR 2. liga A 2010/2011"]
[Site "?"]
[Date "2011.03.26"]
[Round "58.7"]
[White "Hecht, Tomas"]
[Black "Prikler, Bruno"]
[Result "1/2-1/2"]
[WhiteElo "1994"]
[BlackElo "1962"]
[PlyCount "51"]
[EventDate "2010.??.??"]
[WhiteTeam "Slovakia"]
[BlackTeam "Slovakia"]
[WhiteTeamCountry "SVK"]
[BlackTeamCountry "SVK"]

1. e4 d6 2. d4 g6 3. Nf3 Bg7 4. Nc3 Nd7 5. Be3 a6 6. Bc4 e6 7. a4 Ne7 8. Qd2 h6
9. O-O Nb6 10. Bb3 d5 11. exd5 Nbxd5 12. Nxd5 Nxd5 13. Bxd5 Qxd5 14. c4 Qh5 15.
Bf4 c5 16. dxc5 O-O 17. Rfe1 g5 18. Be5 f6 19. Bd6 Re8 20. h3 Kh8 21. Qd3 e5
22. Re3 Qf7 23. Rae1 Bd7 24. b3 Bc6 25. Qf5 Kg8 26. Kh2 1/2-1/2

[Event "SR 2. liga A 2010/2011"]
[Site "?"]
[Date "2011.03.26"]
[Round "58.8"]
[White "Sosovicka, Matej"]
[Black "Hefka, Vladimir"]
[Result "1/2-1/2"]
[WhiteElo "1932"]
[BlackElo "1991"]
[PlyCount "110"]
[EventDate "2010.??.??"]
[WhiteTeam "Slovakia"]
[BlackTeam "Slovakia"]
[WhiteTeamCountry "SVK"]
[BlackTeamCountry "SVK"]

1. e4 c5 2. Nf3 d6 3. d4 cxd4 4. Nxd4 Nf6 5. Nc3 a6 6. Be3 e5 7. Nf3 Be7 8. Bc4
O-O 9. a4 Qc7 10. Bb3 b6 11. Bg5 Bb7 12. Bxf6 Bxf6 13. Bd5 Nc6 14. O-O Rfd8 15.
Rc1 Nb4 16. Qd2 Nxd5 17. Nxd5 Bxd5 18. Qxd5 Rac8 19. Rfd1 Qc6 20. b3 Qxd5 21.
Rxd5 Kf8 22. c4 Ke7 23. Ne1 Rc5 24. Nd3 Rxd5 25. cxd5 Kd7 26. Nb4 Ra8 27. Rc6
Bd8 28. Kf1 a5 29. Nc2 Rc8 30. Rxc8 Kxc8 31. Ke2 Bg5 32. Kd3 g6 33. Kc4 Bc1 34.
Kb5 Kb7 35. b4 Bd2 36. bxa5 Bxa5 37. Ne3 Kc7 38. Nc4 Be1 39. Nxb6 Bxf2 40. Nc4
f5 41. Nd2 Be3 42. Nc4 Bg1 43. exf5 gxf5 44. Nd2 e4 45. Kc4 Bxh2 46. Nf1 Bf4
47. Kd4 Kb6 48. g4 Be5+ 49. Ke3 fxg4 50. Kxe4 Ka5 51. Ne3 Kxa4 52. Nxg4 Bg7 53.
Kf5 Kb5 54. Ke6 Kc5 55. Nf2 Kd4 1/2-1/2

[Event "SR 2. liga A 2010/2011"]
[Site "?"]
[Date "2011.03.26"]
[Round "59.1"]
[White "Kundrik, Peter"]
[Black "Petreje, Juraj"]
[Result "1-0"]
[WhiteElo "2226"]
[BlackElo "2228"]
[PlyCount "67"]
[EventDate "2010.??.??"]
[WhiteTeam "Slovakia"]
[BlackTeam "Slovakia"]
[WhiteTeamCountry "SVK"]
[BlackTeamCountry "SVK"]

1. e4 d5 2. exd5 Qxd5 3. Nc3 Qa5 4. d4 Nf6 5. Bc4 Nc6 6. Bd2 Bf5 7. Nd5 Qxd5 8.
Bxd5 Nxd5 9. c3 O-O-O 10. Ne2 e5 11. O-O exd4 12. Nxd4 Nxd4 13. cxd4 Bd6 14.
Re1 h5 15. Rc1 Kb8 16. b4 f6 17. h3 g5 18. Qf3 Bc8 19. Kh1 Bf8 20. h4 gxh4 21.
Re4 Bg4 22. Qb3 Bg7 23. f3 Bc8 24. Rc5 f5 25. Re1 c6 26. Bg5 Rde8 27. Rcc1 h3
28. gxh3 Bxd4 29. b5 Ka8 30. bxc6 bxc6 31. Rxe8 Rxe8 32. Qc4 Rg8 33. Qxd4 Rxg5
34. Rxc6 1-0

[Event "SR 2. liga A 2010/2011"]
[Site "?"]
[Date "2011.03.26"]
[Round "59.2"]
[White "Bronis, Marian"]
[Black "Abel, Peter"]
[Result "0-1"]
[WhiteElo "2136"]
[BlackElo "2172"]
[PlyCount "52"]
[EventDate "2010.??.??"]
[WhiteTeam "Slovakia"]
[BlackTeam "Slovakia"]
[WhiteTeamCountry "SVK"]
[BlackTeamCountry "SVK"]

1. d4 Nf6 2. c4 c5 3. d5 e5 4. Nc3 d6 5. e4 Be7 6. h3 O-O 7. Nf3 Nbd7 8. Be2
Ne8 9. O-O Kh8 10. a3 g6 11. Ne1 Bg5 12. b4 Bxc1 13. Qxc1 Ng7 14. Bg4 f5 15.
exf5 gxf5 16. Be2 b6 17. f4 exf4 18. Nd3 Ne5 19. Nxf4 Bd7 20. bxc5 bxc5 21. Rb1
Rb8 22. Rxb8 Qxb8 23. Qc2 Qc7 24. Rb1 Rb8 25. Kf2 a6 26. Nd1 Rb6 {telefon} 0-1